<?xml version="1.0" encoding="UTF-8"?>
<record
    xmlns:xsi="http://www.w3.org/2001/XMLSchema-instance"
    xsi:schemaLocation="http://www.loc.gov/MARC21/slim http://www.loc.gov/standards/marcxml/schema/MARC21slim.xsd"
    xmlns="http://www.loc.gov/MARC21/slim">

  <leader>01569    a2200217   4500</leader>
  <controlfield tag="001">47462</controlfield>
  <controlfield tag="005">20260407155741.0</controlfield>
  <controlfield tag="008">260407a1973    arg                 spa d</controlfield>
  <controlfield tag="003">AR-UNSa-BCEJYS</controlfield>
  <datafield tag="040" ind1=" " ind2=" ">
    <subfield code="a">AR-UNSa-BCEJYS</subfield>
    <subfield code="b">spa</subfield>
    <subfield code="c">AR-UNSa-BCEJYS</subfield>
  </datafield>
  <datafield tag="080" ind1=" " ind2=" ">
    <subfield code="a">330.34</subfield>
    <subfield code="x">Desarrollo Econ&#xF3;mico</subfield>
  </datafield>
  <datafield tag="245" ind1="1" ind2="0">
    <subfield code="a">Teor&#xED;a del desarrollo</subfield>
    <subfield code="p">aspectos cr&#xED;ticos</subfield>
  </datafield>
  <datafield tag="020" ind1=" " ind2=" ">
    <subfield code="a">84-270-0231-9</subfield>
  </datafield>
  <datafield tag="264" ind1=" " ind2="1">
    <subfield code="a">Barcelona :</subfield>
    <subfield code="b">Ediciones Mart&#xED;nez Roca</subfield>
    <subfield code="c">1973</subfield>
  </datafield>
  <datafield tag="300" ind1=" " ind2=" ">
    <subfield code="a">320 p.</subfield>
    <subfield code="c">20 cm.</subfield>
  </datafield>
  <datafield tag="505" ind1=" " ind2=" ">
    <subfield code="a">Primera Parte: 1. Marx, Marshall y Keynes - 2. Notas sobre Marx y Marshall - 3. La filosof&#xED;a de los precios - 4. La teor&#xED;a del valor trabajo - 5. La acumulaci&#xF3;n de capital / Rosa Luxemburg - 6. El modelo de una econom&#xED;a en expansi&#xF3;n - 7. Notas sobre la teor&#xED;a del desarrollo econ&#xF3;mico - 8. Poblaci&#xF3;n y desarrollo - Segunda Parte : 9. La funci&#xF3;n de producci&#xF3;n y la teor&#xED;a del capital - 10. La acumulaci&#xF3;n y la funci&#xF3;n de producci&#xF3;n - 11. La teor&#xED;a de la distribuci&#xF3;n - 12. Capital, t&#xE9;cnicas y partes relativas - 13. El verdadero efecto Wicksell - 14. Ahorro sin inversi&#xF3;n - 15. Algunos problemas de definici&#xF3;n y medida del capital - 16. Depreciaci&#xF3;n - Tercera Parte : 17. La competencia imperfecta en retrospectiva - 18. La competencia imperfecta, hoy - Cuarta Parte : 19. El tipo de inter&#xE9;s - 20. Una nota sobre el tipo bancario - 21. Pleno empleo e inflaci&#xF3;n.   </subfield>
  </datafield>
  <datafield tag="942" ind1=" " ind2=" ">
    <subfield code="c">BK</subfield>
  </datafield>
  <datafield tag="590" ind1=" " ind2=" ">
    <subfield code="a">niveau_biblio:m niveau_hierar:0</subfield>
  </datafield>
  <datafield tag="100" ind1="1" ind2=" ">
    <subfield code="a">Robinson, Joan</subfield>
  </datafield>
  <datafield tag="856" ind1="4" ind2="1">
    <subfield code="u">https://www.biblioeco.unsa.edu.ar/pmb/images/libros/L127509.jpg</subfield>
    <subfield code="y">Imagen de portada</subfield>
    <subfield code="q">image/jpeg</subfield>
  </datafield>
  <datafield tag="999" ind1=" " ind2=" ">
    <subfield code="c">4366</subfield>
    <subfield code="d">4366</subfield>
  </datafield>
  <datafield tag="952" ind1=" " ind2=" ">
    <subfield code="0">0</subfield>
    <subfield code="1">0</subfield>
    <subfield code="4">0</subfield>
    <subfield code="7">0</subfield>
    <subfield code="a">BCEJYS</subfield>
    <subfield code="b">BCEJYS</subfield>
    <subfield code="c">16</subfield>
    <subfield code="d">2026-04-07</subfield>
    <subfield code="l">0</subfield>
    <subfield code="o">330.34 R655t</subfield>
    <subfield code="p">L127509</subfield>
    <subfield code="r">2026-04-07 15:57:41</subfield>
    <subfield code="w">2026-04-07</subfield>
    <subfield code="y">L</subfield>
  </datafield>
</record>
